Statistics for Top Five by Category Quiz #3

Click here to take the quiz!

General Stats

  • This quiz has been taken 51 times
  • The average score is 19 of 30

Answer Stats

Hint#Answer% Correct
First U.S. Presidents1George Washington
95%
Fruits by amount grown3Apples
95%
Most elevated countries1Nepal
90%
Countries by population density1Monaco
88%
Fruits by amount grown2Bananas
88%
Objects in the Solar System by size4Uranus
88%
Objects in the Solar System by size3Saturn
88%
Objects in the Solar System by size2Jupiter
88%
Objects in the Solar System by size1Sun
88%
Objects in the Solar System by size5Neptune
81%
Fruits by amount grown5Oranges
81%
Countries by population density4Vatican City
81%
Most elevated countries1China
81%
Most elevated countries5Bhutan
76%
Most elevated countries4India
76%
First U.S. Presidents3Thomas Jefferson
74%
Most elevated countries3Pakistan
69%
First U.S. Presidents2John Adams
69%
Countries by population density2Singapore
67%
Fruits by amount grown4Grapes
62%
Most livable cities*3Copenhagen
43%
First U.S. Presidents4James Madison
40%
Most livable cities*5Vienna
38%
First U.S. Presidents5James Monroe
38%
Countries by population density3Bahrain
36%
Most livable cities*1Zürich
36%
Most livable cities*2Wellington
24%
Fruits by amount grown1Watermelons
24%
Most livable cities*4Edinburgh
10%
Countries by population density5Maldives
10%

Score Distribution

Percentile by Number Answered

Percent of People with Each Score

Your Score History

You have not taken this quiz